000 00534nam a2200229Ia 4500
003 OSt
005 20220924153342.0
006 a|||||r|||| 00| 0
007 ta
008 220923b |||||||| |||| 00| 0 tam d
024 _a349374
037 _cTextual
040 _aARTS
_cARTS
_btam
041 _2tam
_atam
082 _aLC, 31G6.1
245 0 _aMateria medica
260 _c1936
300 _a649p.
_ccm.
650 _aMEDICINE
_94387
942 _hLC, 31G6.1
_cTEXL
_2CC
999 _c473292
_d473292